Azərbaycanda qızlara ən çox qoyulan adlar - Statistics

General Stats
  • This quiz has been taken 37 times
    4 since last reset
  • The average score is 25 of 100
Answer Stats
# Ad % Correct
5 Aylin
75%
44 Aysu
75%
17 Leyla
75%
42 Nərgiz
75%
83 Nərmin
75%
25 Nur
75%
21 Nuray
75%
29 Səma
75%
82 Sevil
75%
54 Sevinc
75%
28 Xədicə
75%
7 Zəhra
75%
9 Alisa
50%
31 Ayan
50%
96 Aygün
50%
78 Aysun
50%
10 Fatimə
50%
35 Fidan
50%
52 Lalə
50%
12 Mələk
50%
1 Melisa
50%
3 Məryəm
50%
84 Sevda
50%
2 Zeynəb
50%
19 Alina
25%
79 Aliyə
25%
65 Arzu
25%
27 Asya
25%
61 Aydan
25%
6 Ayla
25%
90 Aynur
25%
99 Aysel
25%
15 Dəniz
25%
56 Duyğu
25%
34 Elif
25%
14 Elisa
25%
73 Əminə
25%
24 Əsma
25%
75 Əsmər
25%
74 Firuzə
25%
45 Gülay
25%
38 Humay
25%
8 İnci
25%
98 İradə
25%
16 Mədinə
25%
89 Mehri
25%
95 Mehriban
25%
37 Milana
25%
81 Mira
25%
26 Nazlı
25%
53 Nəfəs
25%
43 Nəzrin
25%
69 Nigar
25%
4 Nilay
25%
92 Rəna
25%
39 Sara
25%
77 Şəms
25%
13 Sevgi
25%
41 Sofiya
25%
30 Yağmur
25%
86 Zərifə
25%
85 Zümrüd
25%
59 Adel
0%
23 Ahu
0%
66 Aişə
0%
32 Asena
0%
58 Bahar
0%
22 Banu
0%
76 Cahan
0%
63 Damla
0%
47 Dərya
0%
57 Dilək
0%
18 Elay
0%
60 Elina
0%
87 Emiliya
0%
46 Əsnad
0%
70 Əsra
0%
64 Fərəh
0%
94 Fəridə
0%
40 Günəş
0%
71 Həvva
0%
93 Hira
0%
51 İlayda
0%
62 İlknur
0%
33 Jasmin
0%
97 Ləman
0%
50 Mehin
0%
48 Milay
0%
11 Miray
0%
20 Narin
0%
72 Nilufər
0%
67 Ömür
0%
36 Rüqəyya
0%
55 Selin
0%
91 Səmra
0%
68 Sunay
0%
100 Tamilla
0%
88 Umay
0%
80 Ümrə
0%
49 Zümra
0%
No matching quizzes found
Score Distribution
Percent of People with Each Score
Percentile by Number Answered
Your Score History
You have not taken this quiz since the last reset